00551pab a2200181 454500008004000000100002000040245005300060260000900113300001300122362001100135650003200146650001600178773003400194908000600228909001100234999001900245952010500264180718b2014 xxu||||| |||| 00| 0 eng d aKasturi, Kannan aAAP's case of lower electricity tariffs in Delhi c2014 ap.15-18. a22 Feb aElectricity - India - Delhi aElectricity aEconomic and Political Weekly aN a102461 c102459d102459 00104070aIIPAbIIPAd2018-07-19hVolume no: 49, Issue no: 8pAR102921r2018-07-19w2018-07-19yAR